01392cam a2200289 a 4500001000400000003000600004005001700010008004100027010001700068020001800085040003000103042000900133050002300142082001200165100002000177245007200197260005300269300005700322505000600379520051200385521001800897521001800915650002100933650002000954700003700974856009101011494FISKH20250605085807.0080229s2009 nyua b 000 1 eng  a 2008008695 a9780803725133 aDLCcDLCdDLCdFISKHbeng alcac00aPZ7.L5629bHu 200900a5072221 aLester, Julius.14aThe hungry ghosts /cJulius Lester ; pictures by Geraldo Valério. aNew York :bDial Books for Young Readers,c2009. a19 leaves of plates :bcolor illustrations :c29 cm. aF aFront Cover Julius Lester Dial Books for Young Readers, 2009 - 40 pages 1 Review There are ghosts in the cemetery near Malcolm David's house, and they're filling the air with their spooky OOOOOs and EEEEEs and ARRRRs. When Malcolm David dares to go looking for them late one night, he is surprised to discover that the eerie howling is actually coming from the ghosts? empty stomachs. They're not trying to scare anybody? they're just hungry, and they don't know what it is that ghosts are supposed to eat! 8 a400 bLexile8 aF bRaz-Plus 1aGhostsvFiction. 1aNightvFiction.1 aValério, Geraldo,d1970-eill.423Publisher descriptionuhttp://www.loc.gov/catdir/enhancements/fy0906/2008008695-d.html